[Event "T-Director's Swiss sytem"]
[Site "playchess.com #662980"]
[Date "2014.03.16"]
[Round "9"]
[White "Bekakv"]
[Black "kakdela"]
[Result "1-0"]
[WhiteElo "2351"]
[BlackElo "2454"]
[PlyCount "125"]
[EventDate "2014.03.16"]
[EventType "swiss (blitz)"]

1. d4 {[%emt 0:00:01]} Nf6 {[%emt 0:00:02]} 2. Nf3 {[%emt 0:00:01]} g6 {[%emt
0:00:01]} 3. c4 {[%emt 0:00:01]} Bg7 {[%emt 0:00:01]} 4. Nc3 {[%emt 0:00:00]}
d6 {[%emt 0:00:01]} 5. e4 {[%emt 0:00:01]} O-O {[%emt 0:00:00]} 6. Be2 {[%emt
0:00:00]} Na6 {[%emt 0:00:01]} 7. O-O {[%emt 0:00:01]} e5 {[%emt 0:00:00]} 8.
Be3 {[%emt 0:00:03]} Ng4 {[%emt 0:00:02]} 9. Bg5 {[%emt 0:00:01]} Qe8 {[%emt 0:
00:00]} 10. d5 {[%emt 0:00:01]} h6 {[%emt 0:00:13]} 11. Bh4 {[%emt 0:00:02]} f5
{[%emt 0:00:02]} 12. Nd2 {[%emt 0:00:03]} Nf6 {[%emt 0:00:03]} 13. f3 {[%emt 0:
00:01]} g5 {[%emt 0:00:05]} 14. Bf2 {[%emt 0:00:02]} f4 {[%emt 0:00:00]} 15. a3
{[%emt 0:00:08]} h5 {[%emt 0:00:02]} 16. b4 {[%emt 0:00:02]} g4 {[%emt 0:00:01]
} 17. c5 {[%emt 0:00:07]} Bd7 {[%emt 0:00:01]} 18. c6 {[%emt 0:00:10]} Bc8 {
[%emt 0:00:03]} 19. cxb7 {[%emt 0:00:20]} Bxb7 {[%emt 0:00:02]} 20. fxg4 {
[%emt 0:00:01]} hxg4 {[%emt 0:00:09]} 21. Bxg4 {[%emt 0:00:01]} Nxg4 {[%emt 0:
00:02]} 22. Qxg4 {[%emt 0:00:02]} Nb8 {[%emt 0:00:01]} 23. Rac1 {[%emt 0:00:11]
} Nd7 {[%emt 0:00:02]} 24. Nb5 {[%emt 0:00:08]} Nf6 {[%emt 0:00:04]} 25. Qe6+ {
[%emt 0:00:03]} Qxe6 {[%emt 0:00:07]} 26. dxe6 {[%emt 0:00:01]} Ba6 {[%emt 0:
00:05]} 27. Nxc7 {[%emt 0:00:02]} Bxf1 {[%emt 0:00:03]} 28. Nxa8 {[%emt 0:00:
06]} Bd3 {[%emt 0:00:08]} 29. Nc7 {[%emt 0:00:08]} Rc8 {[%emt 0:00:01]} 30.
Bxa7 {[%emt 0:00:11]} Nxe4 {[%emt 0:00:07]} 31. Nxe4 {[%emt 0:00:07]} Bxe4 {
[%emt 0:00:00]} 32. e7 {[%emt 0:00:15]} Bg6 {[%emt 0:00:06]} 33. b5 {[%emt 0:
00:02]} e4 {[%emt 0:00:20]} 34. Rc4 {[%emt 0:00:12]} d5 {[%emt 0:00:08]} 35.
Rc6 {[%emt 0:00:03]} Be8 {[%emt 0:00:05]} 36. Nxe8 {[%emt 0:00:07]} Rxe8 {
[%emt 0:00:00]} 37. Bc5 {[%emt 0:00:01]} Kf7 {[%emt 0:00:06]} 38. b6 {[%emt 0:
00:03]} Be5 {[%emt 0:00:08]} 39. b7 {[%emt 0:00:12]} d4 {[%emt 0:00:03]} 40.
Rc8 {[%emt 0:00:13]} d3 {[%emt 0:00:05]} 41. Kf1 {[%emt 0:00:03]} e3 {[%emt 0:
00:02]} 42. Bb4 {[%emt 0:00:09]} f3 {[%emt 0:00:14]} 43. gxf3 {[%emt 0:00:03]}
Bxh2 {[%emt 0:00:01]} 44. a4 {[%emt 0:00:07]} e2+ {[%emt 0:00:13]} 45. Kf2 {
[%emt 0:00:04]} Rxe7 {[%emt 0:00:01]} 46. Bxe7 {[%emt 0:00:04]} Bg3+ {[%emt 0:
00:02]} 47. Kxg3 {[%emt 0:00:07]} e1=Q+ {[%emt 0:00:00]} 48. Kf4 {[%emt 0:00:
06]} Qg1 {[%emt 0:01:23]} 49. b8=Q {[%emt 0:00:12]} Qd4+ {[%emt 0:00:07]} 50.
Kg5 {[%emt 0:00:09]} Qd5+ {[%emt 0:00:17]} 51. Kf4 {[%emt 0:00:08]} Qd4+ {
[%emt 0:00:11]} 52. Kf5 {[%emt 0:00:01]} Qd5+ {[%emt 0:00:10]} 53. Qe5 {[%emt
0:00:04]} Qd7+ {[%emt 0:00:04]} 54. Ke4 {[%emt 0:00:07]} Qxa4+ {[%emt 0:00:19]}
55. Kxd3 {[%emt 0:00:05]} Qd1+ {[%emt 0:00:02]} 56. Ke4 {[%emt 0:00:04]} Qe2+ {
[%emt 0:00:11]} 57. Kd5 {[%emt 0:00:06]} Qa2+ {[%emt 0:00:06]} 58. Rc4 {[%emt
0:00:03]} Qa5+ {[%emt 0:00:03]} 59. Bc5 {[%emt 0:00:02]} Qa8+ {[%emt 0:00:03]}
60. Kd4 {[%emt 0:00:02]} Qa1+ {[%emt 0:00:03]} 61. Ke4 {[%emt 0:00:05]} Qe1+ {
[%emt 0:00:02]} 62. Be3 {[%emt 0:00:03]} Qb1+ {[%emt 0:00:01]} 63. Kf4 {[%emt
0:00:04] kakdela resigns} 1-0

[Event "T-Director's Swiss sytem"]
[Site "playchess.com #662980"]
[Date "2014.03.16"]
[Round "2"]
[White "Borjigin"]
[Black "Moustafa"]
[Result "1-0"]
[WhiteElo "1634"]
[BlackElo "2110"]
[PlyCount "77"]
[EventDate "2014.03.16"]
[EventType "swiss (blitz)"]

1. e4 {[%emt 0:00:03]} e5 {[%emt 0:00:02]} 2. Nf3 {[%emt 0:00:04]} Nf6 {[%emt
0:00:01]} 3. Nxe5 {[%emt 0:00:04]} d6 {[%emt 0:00:02]} 4. Nf3 {[%emt 0:00:04]}
Nxe4 {[%emt 0:00:02]} 5. Nc3 {[%emt 0:00:03]} Nxc3 {[%emt 0:00:01]} 6. dxc3 {
[%emt 0:00:02]} Be7 {[%emt 0:00:00]} 7. Bc4 {[%emt 0:00:05]} O-O {[%emt 0:00:
00]} 8. O-O {[%emt 0:00:04]} Bg4 {[%emt 0:00:04]} 9. h3 {[%emt 0:00:05]} Bh5 {
[%emt 0:00:01]} 10. Qd5 {[%emt 0:00:09]} Bg6 {[%emt 0:00:11]} 11. Qxb7 {[%emt
0:00:03]} Nd7 {[%emt 0:00:03]} 12. Re1 {[%emt 0:00:10]} Bxc2 {[%emt 0:00:14]}
13. Nd4 {[%emt 0:00:06]} Nc5 {[%emt 0:00:10]} 14. Qf3 {[%emt 0:00:06]} Be4 {
[%emt 0:00:23]} 15. Rxe4 {[%emt 0:00:05]} Nxe4 {[%emt 0:00:00]} 16. Qxe4 {
[%emt 0:00:01]} Bf6 {[%emt 0:00:01]} 17. Bd3 {[%emt 0:00:13]} g6 {[%emt 0:00:
04]} 18. Bh6 {[%emt 0:00:02]} Re8 {[%emt 0:00:02]} 19. Qf3 {[%emt 0:00:03]} Bh8
{[%emt 0:00:21]} 20. Bc4 {[%emt 0:00:02]} Qf6 {[%emt 0:00:03]} 21. Qd5 {[%emt
0:00:11]} Rab8 {[%emt 0:00:11]} 22. Bb3 {[%emt 0:00:06]} Re5 {[%emt 0:00:25]}
23. Qc6 {[%emt 0:00:16]} Rbe8 {[%emt 0:00:01]} 24. Nf3 {[%emt 0:00:16]} R5e7 {
[%emt 0:00:08]} 25. Bg5 {[%emt 0:00:06]} Qf5 {[%emt 0:00:16]} 26. Bxe7 {[%emt
0:00:04]} Rxe7 {[%emt 0:00:00]} 27. Qa8+ {[%emt 0:00:24]} Kg7 {[%emt 0:00:01]}
28. Qxa7 {[%emt 0:00:01]} Kh6 {[%emt 0:00:06]} 29. Qa4 {[%emt 0:00:07]} Bf6 {
[%emt 0:00:04]} 30. Qa8 {[%emt 0:00:34]} Kg7 {[%emt 0:00:06]} 31. Qa6 {[%emt 0:
00:21]} Re2 {[%emt 0:00:11]} 32. Qxe2 {[%emt 0:00:02]} h5 {[%emt 0:00:01]} 33.
Qe8 {[%emt 0:00:02]} g5 {[%emt 0:00:03]} 34. Qxf7+ {[%emt 0:00:02]} Kh6 {[%emt
0:00:00]} 35. Nd4 {[%emt 0:00:05]} Qe5 {[%emt 0:00:06]} 36. Qf8+ {[%emt 0:00:
09]} Bg7 {[%emt 0:00:01]} 37. Nf5+ {[%emt 0:00:02]} Kg6 {[%emt 0:00:03]} 38.
Qf7+ {[%emt 0:00:03]} Kh7 {[%emt 0:00:03]} 39. Qxh5+ {[%emt 0:00:01] Moustafa
resigns} 1-0

[Event "T-Director's Swiss sytem"]
[Site "playchess.com #662980"]
[Date "2014.03.16"]
[Round "4"]
[White "Borjigin"]
[Black "Pikaboom"]
[Result "0-1"]
[WhiteElo "1665"]
[BlackElo "2018"]
[PlyCount "62"]
[EventDate "2014.03.16"]
[EventType "swiss (blitz)"]

1. e4 {[%emt 0:00:01]} e5 {[%emt 0:00:02]} 2. Nf3 {[%emt 0:00:03]} Nc6 {[%emt
0:00:02]} 3. Bc4 {[%emt 0:00:02]} Bc5 {[%emt 0:00:02]} 4. d4 {[%emt 0:00:02]}
exd4 {[%emt 0:00:06]} 5. c3 {[%emt 0:00:01]} d3 {[%emt 0:00:04]} 6. Qxd3 {
[%emt 0:00:01]} d6 {[%emt 0:00:13]} 7. O-O {[%emt 0:00:31]} Nf6 {[%emt 0:00:03]
} 8. Ng5 {[%emt 0:00:04]} O-O {[%emt 0:00:02]} 9. Be3 {[%emt 0:00:05]} Bb6 {
[%emt 0:00:10]} 10. f4 {[%emt 0:00:06]} h6 {[%emt 0:00:06]} 11. Nf3 {[%emt 0:
00:24]} Qe7 {[%emt 0:00:03]} 12. Nbd2 {[%emt 0:00:06]} Re8 {[%emt 0:00:09]} 13.
Bxb6 {[%emt 0:00:09]} axb6 {[%emt 0:00:00]} 14. Rae1 {[%emt 0:00:03]} Be6 {
[%emt 0:00:02]} 15. e5 {[%emt 0:00:21]} dxe5 {[%emt 0:00:35]} 16. Bxe6 {[%emt
0:00:17]} Qc5+ {[%emt 0:00:18]} 17. Kh1 {[%emt 0:00:05]} Rxe6 {[%emt 0:00:01]}
18. fxe5 {[%emt 0:00:14]} Nxe5 {[%emt 0:00:03]} 19. Nxe5 {[%emt 0:00:07]} Rxe5
{[%emt 0:00:02]} 20. Rxe5 {[%emt 0:00:32]} Qxe5 {[%emt 0:00:00]} 21. a3 {[%emt
0:00:12]} Re8 {[%emt 0:00:06]} 22. Nf3 {[%emt 0:00:20]} Qe2 {[%emt 0:00:05]}
23. Qb1 {[%emt 0:00:31]} Qc4 {[%emt 0:00:33]} 24. Nd4 {[%emt 0:00:06]} c5 {
[%emt 0:00:21]} 25. Nf5 {[%emt 0:00:05]} Qe4 {[%emt 0:00:03]} 26. Qd1 {[%emt 0:
00:10]} Re5 {[%emt 0:00:25]} 27. Qd8+ {[%emt 0:00:03]} Kh7 {[%emt 0:00:02]} 28.
Nd6 {[%emt 0:00:10]} Qg6 {[%emt 0:00:06]} 29. Qc7 {[%emt 0:00:05]} Re2 {[%emt
0:00:04]} 30. Qxb7 {[%emt 0:00:02]} Ne4 {[%emt 0:00:09]} 31. Nxe4 {[%emt 0:00:
10]} Qxg2# {[%emt 0:00:02]} 0-1

[Event "T-Director's Swiss sytem"]
[Site "playchess.com #662980"]
[Date "2014.03.16"]
[Round "7"]
[White "Borjigin"]
[Black "arminia69"]
[Result "1-0"]
[WhiteElo "1681"]
[BlackElo "1724"]
[PlyCount "73"]
[EventDate "2014.03.16"]
[EventType "swiss (blitz)"]

1. e4 {[%emt 0:00:04]} Nf6 {[%emt 0:00:06]} 2. e5 {[%emt 0:00:01]} Nd5 {[%emt
0:00:01]} 3. d4 {[%emt 0:00:00]} d6 {[%emt 0:00:01]} 4. c4 {[%emt 0:00:01]} Nb6
{[%emt 0:00:01]} 5. exd6 {[%emt 0:00:01]} cxd6 {[%emt 0:00:01]} 6. Nf3 {[%emt
0:00:01]} g6 {[%emt 0:00:01]} 7. Nc3 {[%emt 0:00:01]} Nc6 {[%emt 0:00:01]} 8.
Be3 {[%emt 0:00:02]} Bg7 {[%emt 0:00:01]} 9. h3 {[%emt 0:00:01]} O-O {[%emt 0:
00:02]} 10. Be2 {[%emt 0:00:02]} e5 {[%emt 0:00:01]} 11. d5 {[%emt 0:00:01]}
Ne7 {[%emt 0:00:01]} 12. O-O {[%emt 0:00:03]} Bd7 {[%emt 0:00:04]} 13. a4 {
[%emt 0:00:01]} Rc8 {[%emt 0:00:06]} 14. a5 {[%emt 0:00:03]} Nxc4 {[%emt 0:00:
10]} 15. Bxc4 {[%emt 0:00:04]} Rxc4 {[%emt 0:00:02]} 16. Bxa7 {[%emt 0:00:01]}
Qc8 {[%emt 0:01:29]} 17. Nd2 {[%emt 0:00:21]} Rb4 {[%emt 0:00:40]} 18. Rb1 {
[%emt 0:00:14]} Nf5 {[%emt 0:00:58]} 19. Nde4 {[%emt 0:00:06]} Qc7 {[%emt 0:00:
39]} 20. Bb6 {[%emt 0:00:02]} Qb8 {[%emt 0:00:02]} 21. f4 {[%emt 0:00:14]} Nd4
{[%emt 0:00:05]} 22. fxe5 {[%emt 0:00:10]} Bxe5 {[%emt 0:00:04]} 23. Nf6+ {
[%emt 0:00:06]} Bxf6 {[%emt 0:00:02]} 24. Rxf6 {[%emt 0:00:01]} Nf5 {[%emt 0:
00:10]} 25. Na2 {[%emt 0:00:38]} Rb5 {[%emt 0:00:03]} 26. b4 {[%emt 0:00:05]}
Kg7 {[%emt 0:00:02]} 27. Bd4 {[%emt 0:00:01]} Nxd4 {[%emt 0:00:03]} 28. Qxd4 {
[%emt 0:00:01]} Kg8 {[%emt 0:00:08]} 29. Nc3 {[%emt 0:00:01]} Re8 {[%emt 0:00:
14]} 30. Rbf1 {[%emt 0:00:07]} Rf8 {[%emt 0:00:14]} 31. Ne4 {[%emt 0:00:05]}
Bf5 {[%emt 0:00:07]} 32. R6xf5 {[%emt 0:00:06]} gxf5 {[%emt 0:00:01]} 33. Nf6+
{[%emt 0:00:01]} Kg7 {[%emt 0:00:01]} 34. Ne8+ {[%emt 0:00:01]} Kh6 {[%emt 0:
00:02]} 35. Qg7+ {[%emt 0:00:03]} Kh5 {[%emt 0:00:01]} 36. Rxf5+ {[%emt 0:00:
00]} Kh4 {[%emt 0:00:01]} 37. Qg4# {[%emt 0:00:00]} 1-0

[Event "T-Director's Swiss sytem"]
[Site "playchess.com #662980"]
[Date "2014.03.16"]
[Round "8"]
[White "Borjigin"]
[Black "degondo"]
[Result "1-0"]
[WhiteElo "1700"]
[BlackElo "1838"]
[PlyCount "117"]
[EventDate "2014.03.16"]
[EventType "swiss (blitz)"]

1. e4 {[%emt 0:00:03]} e6 {[%emt 0:00:02]} 2. d4 {[%emt 0:00:01]} d5 {[%emt 0:
00:01]} 3. exd5 {[%emt 0:00:00]} exd5 {[%emt 0:00:02]} 4. c4 {[%emt 0:00:00]}
Nf6 {[%emt 0:00:05]} 5. Nf3 {[%emt 0:00:01]} Bb4+ {[%emt 0:00:02]} 6. Nc3 {
[%emt 0:00:01]} O-O {[%emt 0:00:03]} 7. Bd3 {[%emt 0:00:02]} dxc4 {[%emt 0:00:
02]} 8. Bxc4 {[%emt 0:00:01]} Nc6 {[%emt 0:00:03]} 9. Bg5 {[%emt 0:00:03]} Re8+
{[%emt 0:00:07]} 10. Be3 {[%emt 0:00:01]} Ne4 {[%emt 0:00:23]} 11. O-O {[%emt
0:00:03]} Nxc3 {[%emt 0:00:04]} 12. bxc3 {[%emt 0:00:01]} Bxc3 {[%emt 0:00:03]}
13. Bxf7+ {[%emt 0:00:01]} Kxf7 {[%emt 0:00:05]} 14. Ng5+ {[%emt 0:00:02]} Qxg5
{[%emt 0:00:22]} 15. Bxg5 {[%emt 0:00:05]} Bxa1 {[%emt 0:00:04]} 16. Qxa1 {
[%emt 0:00:07]} Be6 {[%emt 0:00:02]} 17. f4 {[%emt 0:00:04]} h6 {[%emt 0:00:05]
} 18. f5 {[%emt 0:00:15]} Bd5 {[%emt 0:00:03]} 19. Bh4 {[%emt 0:00:05]} Re2 {
[%emt 0:00:04]} 20. Rf2 {[%emt 0:00:03]} Rae8 {[%emt 0:00:03]} 21. Rxe2 {[%emt
0:00:03]} Rxe2 {[%emt 0:00:02]} 22. Qd1 {[%emt 0:00:06]} Rxg2+ {[%emt 0:00:04]}
23. Kf1 {[%emt 0:00:01]} Rxa2 {[%emt 0:01:08]} 24. Qh5+ {[%emt 0:00:15]} Kf8 {
[%emt 0:00:03]} 25. f6 {[%emt 0:00:02]} Bf7 {[%emt 0:00:27]} 26. fxg7+ {[%emt
0:00:21]} Kxg7 {[%emt 0:00:02]} 27. Qg4+ {[%emt 0:00:03]} Kh7 {[%emt 0:00:38]}
28. Qf5+ {[%emt 0:00:04]} Kg8 {[%emt 0:00:18]} 29. Bf6 {[%emt 0:00:05]} Bc4+ {
[%emt 0:00:19]} 30. Kg1 {[%emt 0:00:03]} Ra5 {[%emt 0:00:13]} 31. Qg6+ {[%emt
0:00:08]} Kf8 {[%emt 0:00:03]} 32. Qg7+ {[%emt 0:00:07]} Ke8 {[%emt 0:00:02]}
33. Qxh6 {[%emt 0:00:09]} Ra1+ {[%emt 0:00:06]} 34. Kf2 {[%emt 0:00:03]} Rf1+ {
[%emt 0:00:03]} 35. Ke3 {[%emt 0:00:01]} Re1+ {[%emt 0:00:10]} 36. Kd2 {[%emt
0:00:02]} Re2+ {[%emt 0:00:02]} 37. Kc3 {[%emt 0:00:02]} b5 {[%emt 0:00:07]}
38. d5 {[%emt 0:00:04]} Ne7 {[%emt 0:00:18]} 39. Bh4 {[%emt 0:00:41] .} Nxd5+ {
[%emt 0:00:14]} 40. Kd4 {[%emt 0:00:02]} Kd7 {[%emt 0:00:07]} 41. Kc5 {[%emt 0:
00:03]} Re6 {[%emt 0:00:04]} 42. Qg7+ {[%emt 0:00:06]} Kc8 {[%emt 0:00:02]} 43.
Qg8+ {[%emt 0:00:01]} Kd7 {[%emt 0:00:01]} 44. Qf7+ {[%emt 0:00:02]} Ne7 {
[%emt 0:00:03]} 45. Qf8 {[%emt 0:00:12] '} a5 {[%emt 0:00:09]} 46. Bxe7 {[%emt
0:00:14]} Rxe7 {[%emt 0:00:02]} 47. h4 {[%emt 0:00:01]} a4 {[%emt 0:00:02]} 48.
Kb4 {[%emt 0:00:02]} Re4 {[%emt 0:00:03]} 49. h5 {[%emt 0:00:05]} Be2+ {[%emt
0:00:03]} 50. Ka3 {[%emt 0:00:02]} Bxh5 {[%emt 0:00:01]} 51. Qf5+ {[%emt 0:00:
02]} Re6 {[%emt 0:00:01]} 52. Qxb5+ {[%emt 0:00:01]} c6 {[%emt 0:00:01]} 53.
Qxh5 {[%emt 0:00:01]} Rd6 {[%emt 0:00:01]} 54. Qf5+ {[%emt 0:00:02]} Kc7 {
[%emt 0:00:01]} 55. Kxa4 {[%emt 0:00:00]} Rd5 {[%emt 0:00:01]} 56. Qf7+ {[%emt
0:00:02]} Kb6 {[%emt 0:00:01]} 57. Qf2+ {[%emt 0:00:01]} Rc5 {[%emt 0:00:00]}
58. Qd4 {[%emt 0:00:01]} Kc7 {[%emt 0:00:02]} 59. Qxc5 {[%emt 0:00:00] degondo
abandonne} 1-0

[Event "T-Director's Swiss sytem"]
[Site "playchess.com #662980"]
[Date "2014.03.16"]
[Round "7"]
[White "Bozo333"]
[Black "Handichess"]
[Result "1-0"]
[WhiteElo "1859"]
[BlackElo "1663"]
[PlyCount "55"]
[EventDate "2014.03.16"]
[EventType "swiss (blitz)"]

1. d4 {[%emt 0:00:07]} Nf6 {[%emt 0:00:03]} 2. Nf3 {[%emt 0:00:01]} e6 {[%emt
0:00:05]} 3. Bg5 {[%emt 0:00:01]} Be7 {[%emt 0:00:03]} 4. e3 {[%emt 0:00:01]}
d5 {[%emt 0:00:08]} 5. Bd3 {[%emt 0:00:01]} c5 {[%emt 0:00:13]} 6. c3 {[%emt 0:
00:03]} Bd7 {[%emt 0:00:22]} 7. Nbd2 {[%emt 0:00:02]} Bc6 {[%emt 0:00:06]} 8.
Ne5 {[%emt 0:00:01]} Nbd7 {[%emt 0:01:05]} 9. Nxc6 {[%emt 0:00:06]} bxc6 {
[%emt 0:00:03]} 10. Qa4 {[%emt 0:00:02]} c4 {[%emt 0:00:22]} 11. Bb1 {[%emt 0:
00:05]} Qc7 {[%emt 0:00:09]} 12. O-O {[%emt 0:00:07]} O-O {[%emt 0:00:10]} 13.
Qc2 {[%emt 0:00:10]} h6 {[%emt 0:00:22]} 14. Bh4 {[%emt 0:00:02]} Bd6 {[%emt 0:
00:19]} 15. f4 {[%emt 0:00:06]} c5 {[%emt 0:00:25]} 16. Nf3 {[%emt 0:00:02]}
Ne4 {[%emt 0:00:06]} 17. Ne5 {[%emt 0:00:04]} Ndf6 {[%emt 0:00:10]} 18. Qe2 {
[%emt 0:00:07]} cxd4 {[%emt 0:00:05]} 19. exd4 {[%emt 0:00:01]} a5 {[%emt 0:00:
27]} 20. g4 {[%emt 0:00:02]} a4 {[%emt 0:00:08]} 21. g5 {[%emt 0:00:02]} hxg5 {
[%emt 0:00:02]} 22. fxg5 {[%emt 0:00:04]} Bxe5 {[%emt 0:00:29]} 23. gxf6 {
[%emt 0:00:35] .} Bxf6 {[%emt 0:00:07]} 24. Bxf6 {[%emt 0:00:02]} Nxf6 {[%emt
0:00:03]} 25. Rxf6 {[%emt 0:00:08]} gxf6 {[%emt 0:00:02]} 26. Qg4+ {[%emt 0:00:
01]} Kh8 {[%emt 0:00:04]} 27. Qh5+ {[%emt 0:00:01]} Kg7 {[%emt 0:00:07]} 28.
Qh7# {[%emt 0:00:02]} 1-0

[Event "T-Director's Swiss sytem"]
[Site "playchess.com #662980"]
[Date "2014.03.16"]
[Round "5"]
[White "Bozo333"]
[Black "Hühnersuppe"]
[Result "0-1"]
[WhiteElo "1887"]
[BlackElo "1830"]
[PlyCount "92"]
[EventDate "2014.03.16"]
[EventType "swiss (blitz)"]

1. d4 {[%emt 0:00:00]} d5 {[%emt 0:00:02]} 2. Nf3 {[%emt 0:00:03]} Nf6 {[%emt
0:00:04]} 3. Bf4 {[%emt 0:00:01]} Bf5 {[%emt 0:00:01]} 4. c3 {[%emt 0:00:02]}
e6 {[%emt 0:00:01]} 5. Qb3 {[%emt 0:00:01]} b6 {[%emt 0:00:12]} 6. e3 {[%emt 0:
00:03]} Bd6 {[%emt 0:00:04]} 7. Be2 {[%emt 0:00:05]} O-O {[%emt 0:00:01]} 8.
Nbd2 {[%emt 0:00:02]} Bxf4 {[%emt 0:00:02]} 9. exf4 {[%emt 0:00:01]} c5 {[%emt
0:00:03]} 10. O-O {[%emt 0:00:04]} Nc6 {[%emt 0:00:03]} 11. Bb5 {[%emt 0:00:03]
} Rc8 {[%emt 0:00:09]} 12. Qa4 {[%emt 0:00:04]} Qc7 {[%emt 0:00:25]} 13. Ne5 {
[%emt 0:00:05]} Nxe5 {[%emt 0:00:03]} 14. fxe5 {[%emt 0:00:01]} Ne4 {[%emt 0:
00:06]} 15. Nxe4 {[%emt 0:00:04]} Bxe4 {[%emt 0:00:02]} 16. f3 {[%emt 0:00:01]}
Bg6 {[%emt 0:00:03]} 17. Rac1 {[%emt 0:00:07]} a5 {[%emt 0:00:02]} 18. Be2 {
[%emt 0:00:08]} h6 {[%emt 0:00:07]} 19. Qb5 {[%emt 0:00:06]} Rfd8 {[%emt 0:00:
05]} 20. Kf2 {[%emt 0:00:09]} f6 {[%emt 0:00:12]} 21. f4 {[%emt 0:00:05]} f5 {
[%emt 0:00:06]} 22. Bf3 {[%emt 0:00:07]} Be8 {[%emt 0:00:03]} 23. Qe2 {[%emt 0:
00:02]} cxd4 {[%emt 0:00:18]} 24. cxd4 {[%emt 0:00:04]} Qxc1 {[%emt 0:00:01]}
25. Rxc1 {[%emt 0:00:01]} Rxc1 {[%emt 0:00:00]} 26. Qd2 {[%emt 0:00:27]} Rdc8 {
[%emt 0:00:04]} 27. Bd1 {[%emt 0:00:04]} Bh5 {[%emt 0:00:17]} 28. Bxh5 {[%emt
0:00:22]} R1c2 {[%emt 0:00:05]} 29. Ke2 {[%emt 0:00:01]} Rxd2+ {[%emt 0:00:01]}
30. Kxd2 {[%emt 0:00:01] Bozo333 propose la nulle} Kf8 {[%emt 0:00:20]} 31. Be2
{[%emt 0:00:07]} g5 {[%emt 0:00:06]} 32. g3 {[%emt 0:00:02]} Ke7 {[%emt 0:00:
02]} 33. Bb5 {[%emt 0:00:02]} Rg8 {[%emt 0:00:04]} 34. Ke3 {[%emt 0:00:12]} g4
{[%emt 0:00:09]} 35. Bd3 {[%emt 0:00:26]} h5 {[%emt 0:00:02]} 36. a4 {[%emt 0:
00:24]} h4 {[%emt 0:00:03]} 37. Kf2 {[%emt 0:00:11]} hxg3+ {[%emt 0:00:03]} 38.
hxg3 {[%emt 0:00:03]} Rh8 {[%emt 0:00:02]} 39. Kg2 {[%emt 0:00:01]} Rc8 {[%emt
0:00:07]} 40. Kf2 {[%emt 0:00:11]} Rc1 {[%emt 0:00:02]} 41. Ke2 {[%emt 0:00:05]
} Rg1 {[%emt 0:00:02]} 42. Kf2 {[%emt 0:00:03]} Rd1 {[%emt 0:00:05]} 43. Ke2 {
[%emt 0:00:02]} Rc1 {[%emt 0:00:09]} 44. Bb5 {[%emt 0:00:34]} Rc2+ {[%emt 0:00:
05]} 45. Kf1 {[%emt 0:00:10]} Rxb2 {[%emt 0:00:02]} 46. Kg1 {[%emt 0:00:05]}
Rd2 {[%emt 0:00:01] Bozo333 abandonne} 0-1

[Event "T-Director's Swiss sytem"]
[Site "playchess.com #662980"]
[Date "2014.03.16"]
[Round "8"]
[White "Bozo333"]
[Black "Moustafa"]
[Result "1-0"]
[WhiteElo "1867"]
[BlackElo "2037"]
[PlyCount "71"]
[EventDate "2014.03.16"]
[EventType "swiss (blitz)"]

1. d4 {[%emt 0:00:01]} f5 {[%emt 0:00:01]} 2. e4 {[%emt 0:00:02]} f4 {[%emt 0:
00:01]} 3. Bxf4 {[%emt 0:00:07]} d6 {[%emt 0:00:01]} 4. Nc3 {[%emt 0:00:02]}
Nc6 {[%emt 0:00:03]} 5. Bc4 {[%emt 0:00:03]} e6 {[%emt 0:00:02]} 6. Nf3 {[%emt
0:00:07]} Qf6 {[%emt 0:00:03]} 7. Bg5 {[%emt 0:00:07]} Qg6 {[%emt 0:00:01]} 8.
Bd3 {[%emt 0:00:03]} Qh5 {[%emt 0:00:05]} 9. O-O {[%emt 0:00:07]} Be7 {[%emt 0:
00:02]} 10. Bf4 {[%emt 0:00:08]} Nf6 {[%emt 0:00:02]} 11. Be2 {[%emt 0:00:05]}
Qa5 {[%emt 0:00:08]} 12. a3 {[%emt 0:00:06]} a6 {[%emt 0:00:10]} 13. h3 {[%emt
0:00:16]} O-O {[%emt 0:00:02]} 14. Be3 {[%emt 0:00:02]} b5 {[%emt 0:00:14]} 15.
b4 {[%emt 0:00:03]} Nxb4 {[%emt 0:00:05]} 16. axb4 {[%emt 0:00:02]} Qxb4 {
[%emt 0:00:00]} 17. Qd2 {[%emt 0:00:06]} Bb7 {[%emt 0:00:01]} 18. Rfe1 {[%emt
0:00:08]} d5 {[%emt 0:00:17]} 19. Reb1 {[%emt 0:00:00]} Qd6 {[%emt 0:00:09]}
20. e5 {[%emt 0:00:01]} Qd8 {[%emt 0:00:01]} 21. exf6 {[%emt 0:00:01]} Bxf6 {
[%emt 0:00:00]} 22. Ne5 {[%emt 0:00:03]} c5 {[%emt 0:00:07]} 23. Bg4 {[%emt 0:
00:14]} Bxe5 {[%emt 0:00:04]} 24. dxe5 {[%emt 0:00:04]} d4 {[%emt 0:00:01]} 25.
Bxe6+ {[%emt 0:00:05]} Kh8 {[%emt 0:00:01]} 26. Bg5 {[%emt 0:00:08]} Qe8 {
[%emt 0:00:01]} 27. Bd5 {[%emt 0:00:07]} dxc3 {[%emt 0:00:02]} 28. Qd3 {[%emt
0:00:08]} Bxd5 {[%emt 0:00:11]} 29. Qxd5 {[%emt 0:00:01]} Qg6 {[%emt 0:00:02]}
30. Be3 {[%emt 0:00:23]} Qxc2 {[%emt 0:00:06]} 31. Qxc5 {[%emt 0:00:02]} Rfc8 {
[%emt 0:00:09]} 32. Qb6 {[%emt 0:00:18]} Qe4 {[%emt 0:00:07]} 33. Rc1 {[%emt 0:
00:09]} b4 {[%emt 0:00:09]} 34. Rxa6 {[%emt 0:00:08]} Rxa6 {[%emt 0:00:01]} 35.
Qxa6 {[%emt 0:00:01]} b3 {[%emt 0:00:02]} 36. Qxc8# {[%emt 0:00:02]} 1-0